Nghiệp vụ giao nhận vận tải quốc tế

Guardado en:
Detalles Bibliográficos
Autor principal: Phạm, Mạnh Hiền
Formato: Libro
Lenguaje:Undetermined
Publicado: Hà Nội Thống kê 2004
Materias:
Etiquetas: Agregar Etiqueta
Sin Etiquetas, Sea el primero en etiquetar este registro!
Thư viện lưu trữ: Trung tâm Học liệu Trường Đại học Cần Thơ
LEADER 00563nam a2200193Ia 4500
001 CTU_60384
008 210402s9999 xx 000 0 und d
020 |b 65000 
082 |a 382 
082 |b H305 
100 |a Phạm, Mạnh Hiền 
245 0 |a Nghiệp vụ giao nhận vận tải quốc tế 
245 0 |c Phạm Mạnh Hiền 
260 |a Hà Nội 
260 |b Thống kê 
260 |c 2004 
650 |a Marine transportation,Foreign trade 
904 |i Minh, Năm 
980 |a Trung tâm Học liệu Trường Đại học Cần Thơ